000 00599nam a2200241Ia 4500
005 20260306150916.0
008 008 260114s9999 xx 000 0 eng d
020 _a9783111341774
037 _aEbook
040 _aCRL
040 _beng
040 _cCRL
041 _2eng
041 _aeng
084 _qCRL
245 0 _aLos inicios de la lexicografía del español del Uruguay
260 _bMax Niemeyer Verlag
260 _c1986
650 _aLinguistics and Semiotics
856 _uhttps://www.degruyter.com/isbn/9783111341774
942 _cEBOOK
999 _c1700651
_d1700651